WORKBOOK HUMAN ANATOMY : UPPER LIMB THORAX-1 (Record no. 35020)

MARC details
000 -LEADER
fixed length control field 00354nam a22001577a 4500
003 - CONTROL NUMBER IDENTIFIER
control field SGT
082 ## - DEWEY DECIMAL CLASSIFICATION NUMBER
Classification number 611
Item number W25S
100 ## - MAIN ENTRY--PERSONAL NAME
Personal name SONATAKKE, YOGESH
245 ## - TITLE STATEMENT
Title WORKBOOK HUMAN ANATOMY : UPPER LIMB THORAX-1
250 ## - EDITION STATEMENT
Edition statement 1ST
260 ## - PUBLICATION, DISTRIBUTION, ETC. (IMPRINT)
Place of publication, distribution, etc INDIA
Name of publisher, distributor, etc CBS PUB
Year of Publication 2025
300 ## - PAGE DESCRIPTION
No. of Pages 77
650 ## - SUBJECT ADDED ENTRY--TOPICAL TERM
Topical term or geographic name as entry element HUMAN ANATOMY
942 ## - ADDED ENTRY ELEMENTS (KOHA)
Source of classification or shelving scheme Dewey Decimal Classification
Koha item type Books
Holdings
Withdrawn status Lost status Source of classification or shelving scheme Damaged status Not for loan Collection code Home library Current library Shelving location Date acquired Vendor Name Cost, normal purchase price Volume Information (Serial or Books or Non-Book Material) SGTU Bill Number Total Checkouts Full call number Accession No. (Barcode) Date last seen Bill Date Koha item type
    Dewey Decimal Classification   Not For Loan MEDICAL SGT Medical Library SGT Medical Library Text Book 01/06/2026 ABC DELHI 0.00 VOL-I SGTU 23076   611 W25S FM16388 03/07/2026 01/06/2026 Books
    Dewey Decimal Classification     MEDICAL SGT Medical Library SGT Medical Library Text Book 01/06/2026 ABC DELHI 0.00 VOL-I SGTU 23076   611 W25S FM16389 03/07/2026 01/06/2026 Books
    Dewey Decimal Classification     MEDICAL SGT Medical Library SGT Medical Library Text Book 01/06/2026 ABC DELHI 0.00 VOL-I SGTU 23076   611 W25S FM16390 03/07/2026 01/06/2026 Books